00296nam a22001217a 4500003000400000020001800004082001900022100002300041245004700064250001200111260004300123300000800166SGT a9788181914859 a616.0757bT18S aShivhare, Peeyush  aTextbook of Oral Radiology & Oral Medicine a1st ed. aNew Delhi, IndiabArya Pub. Co. c2011 a924